Population resources environment; (Record no. 16203)
[ view plain ]
| 000 -LEADER | |
|---|---|
| fixed length control field | 00594cam a2200205 4500 |
| 020 ## - INTERNATIONAL STANDARD BOOK NUMBER | |
| ISBN | 0716706806 |
| 040 ## - CATALOGING SOURCE | |
| Transcribing agency | DLC |
| 082 00 - DEWEY DECIMAL CLASSIFICATION NUMBER | |
| Classification number | 301 FRE 1970 A089 Or. |
| 100 1# - MAIN ENTRY--AUTHOR NAME | |
| Personal name | Ehrlich, Paul R. |
| 245 10 - TITLE STATEMENT | |
| Title | Population resources environment; |
| Remainder of title | issues in human ecology |
| 260 ## - PUBLICATION, DISTRIBUTION, ETC. (IMPRINT) | |
| Place of publication | San Francisco, |
| Name of publisher | W. H. Freeman |
| Year of publication | [1970] |
| 300 ## - PHYSICAL DESCRIPTION | |
| Number of Pages | 383 p. |
| Other physical details | illus. |
| Dimensions | 26 cm. |
| 490 0# - SERIES STATEMENT | |
| Series statement | A Series of books in biology |
| 500 ## - GENERAL NOTE | |
| General note | Third ed. published in 1977 under title: Ecoscience. |
| 650 #0 - SUBJECT ADDED ENTRY--TOPICAL TERM | |
| Topical Term | Population. |
| 650 #0 - SUBJECT ADDED ENTRY--TOPICAL TERM | |
| Topical Term | Pollution. |
| 650 #0 - SUBJECT ADDED ENTRY--TOPICAL TERM | |
| Topical Term | Human ecology. |
| 700 1# - ADDED ENTRY--PERSONAL NAME | |
| Personal name | Ehrlich, Anne H., |
| 942 ## - ADDED ENTRY ELEMENTS (KOHA) | |
| Koha item type | សៀវភៅភាសាអង់គ្លេស |
| 952 ## - LOCATION AND ITEM INFORMATION (KOHA) | |
| Withdrawn status [LOCAL, KOHA] | 0 |
| Permanent Location | Date acquired | Koha item type | Lost status | Shelving location | Barcode | Current Location | Full call number |
|---|---|---|---|---|---|---|---|
| Library Block A | 2018-01-23 | សៀវភៅភាសាអង់គ្លេស | A089 | A24016 | Library Block A | 301 FRE 1970 A089 Or. |